ბათუმის შოთა რუსთაველის სახელმწიფო უნივერსიტეტის ბიბლიოთეკა

Бесплодие в браке / (ბიბ.ჩანაწერი № 60559)

000 -LEADER
fixed length control field 00616nam a22001817a 4500
005 - DATE AND TIME OF LATEST TRANSACTION
control field 20230830160133.0
008 - FIXED-LENGTH DATA ELEMENTS--GENERAL INFORMATION
fixed length control field 230830s1991 ru ||||| |||| 00| 0 rus d
020 ## - INTERNATIONAL STANDARD BOOK NUMBER
International Standard Book Number 5225019714
041 ## - LANGUAGE CODE
Language code of text/sound track or separate title rus
080 ## - UNIVERSAL DECIMAL CLASSIFICATION NUMBER
Universal Decimal Classification number 618.177 П-93
100 ## - MAIN ENTRY--PERSONAL NAME
Personal name Пшеничникова, Т. Я.
9 (RLIN) 19728
245 ## - TITLE STATEMENT
Title Бесплодие в браке /
Statement of responsibility, etc. Т. Я. Пшеничникова; [Рецензент чл.-корр. АМН СССР В. Н. Серов]
264 ## - PRODUCTION, PUBLICATION, DISTRIBUTION, MANUFACTURE, AND COPYRIGHT NOTICE
Place of production, publication, distribution, manufacture Москва:
Name of producer, publisher, distributor, manufacturer "Медицина",
Date of production, publication, distribution, manufacture, or copyright notice 1991ю
300 ## - PHYSICAL DESCRIPTION
Extent 320 стр.
653 ## - INDEX TERM--UNCONTROLLED
keyword Бесплодие
653 ## - INDEX TERM--UNCONTROLLED
keyword უშვილობა
942 ## - ADDED ENTRY ELEMENTS (KOHA)
Source of classification or shelving scheme
Koha item type წიგნი
ეგზემპლარები
Withdrawn status Lost status Source of classification or shelving scheme Damaged status Not for loan Permanent Location Current Location Shelving location Date acquired Cost, normal purchase price Full call number Barcode Date last seen Copy number Price effective from Koha item type Public note
          ბათუმის შოთა რუსთაველის სახელმწიფო უნივერსიტეტის მთავარი ბიბლიოთეკა ბათუმის შოთა რუსთაველის სახელმწიფო უნივერსიტეტის მთავარი ბიბლიოთეკა წიგნსაცავი 2023-08-30 8.00 618.177 П-93 3503 2023-08-30 3503 2023-08-30 წიგნი 8 ლ.